000 00568nam a2200229Ia 4500
003 OSt
005 20220918210146.0
006 a|||||r|||| 00| 0
007 ta
008 220917b |||||||| |||| 00| 0 eng d
024 _a119,365
037 _cTextual
040 _aARTS
_cARTS
_beng
041 _2eng
_aeng
082 _aV73:21y7M26, K4
100 _aKurtz Harold
_9117267
245 0 _aEmpress Eugenie, 1826-1920
260 _c1964
650 _aHISTORY
942 _hV73:21y7M26, K4
_cTEXL
_2CC
999 _c242632
_d242632